Word Ladder: America's Next Vice President? Quiz Stats

 Plays Quiz Updated Sep 23, 2016

Challenge
Share
Tweet
Embed
Score 0/15 Timer 02:00
0 Plays Today
Clue 5-Letter Word % Correct
Boeing 747 or Concorde, e.g.PLANE
96.4%
Time free from warPEACE
95.7%
Location or meeting sitePLACE
94.4%
Lacking in flavor or tasteBLAND
90.8%
Mark of ownership on cattleBRAND
90%
Majestic; great in sizeGRAND
88.2%
Smiles toothilyGRINS
87.6%
Aches or hurtsPAINS
86.5%
Clue 5-Letter Word % Correct
To rub with an abrasive surfaceGRIND
84.9%
Receives or increasesGAINS
84.8%
America's next VP? (R)PENCE
83.4%
'Common Sense' authorPAINE
74.4%
Empty, devoidBLANK
70.3%
Part of a political platformPLANK
69.7%
America's next VP? (D)KAINE
57.5%

Today's Daily Dose

Missing Word
Biopics

Word Ladder
Food Idioms

Quick Pick
Diets

On This Day
December 18th II

You're not logged in!

Compare scores with friends on all Sporcle quizzes.
OR
Log In

You Might Also Like...

Show Comments

Extras

Top Quizzes Today


Score Distribution

Your Account Isn't Verified!

In order to create a playlist on Sporcle, you need to verify the email address you used during registration. Go to your Sporcle Settings to finish the process.

Report this User

Report this user for behavior that violates our Community Guidelines.

Details: